00501nam a22001457a 450000500170000001000150001702000260003203500140005803700130007208200080008524500980009326000780019127000650026930000210033420170627155225.0 aENG-118960 a9789350692189c100.00 aEN-102492 bDBAD/PUB a220 aAdoration:bin commemoration of the 90th year of abvent of the avatar on 23rd november 2015 / aAndhra PradeshbSri Sathya Sai Sadhana Trust, Publications Divisionc2015 aPrasanthi Nilayam-515134. Anantapur District, Andhra Pradesh a168pc30cm.(pbk)